000
00313nam a22001457a 4500
008
210607b ||||| |||| 00| 0 eng d
020
_a
0878932682
041
_a
eng
080
_a
575
082
_a
575
100
_a
9
101
_a
IMU
245
_a
Immunology a Synthesis
_c
Edward S. Golub
942
_2
udc
_c
BK
999
_c
58013
_d
58013